000 00363nam a2200145 i 4500
001 bg
100 1 _aANDERKO, Jan
245 0 _aUstalenie efektów ekonomicznych wynalazczości pracowniczej /
_cJan Anderko.
260 _aWarszawa,
_c1973.
040 _cBPK
041 _apol
080 _a608.003.1
942 _cKS
008 s pl f |000 0 pol
999 _c26749
_d26749
856 _uhttp://koha.tu.koszalin.pl/cgi-bin/koha/opac-detail.pl?biblionumber=26749
_yKatalog online BPK